000 03806nam0a2200541 4500
001 RU\NLR\bibl\979527
005 20250614214003.0
010 _a5-89530-004-9
010 _a5-89530-007-3
_9400
021 _aRU
_b2006-36273
_91817
035 _a(nilc)RSL-KNO-002895936
035 _a(NLR Aleph) 000967432
090 _a377898
_c377898
100 _a20060614d2006 |||y0rusy50 ca
101 0 _arus
102 _aRU
105 _ay |||||||||
106 _ar
200 1 _aЭкспрессионная газовая хроматография и ее возможности в катализе
_fВ.Н. Сидельников
210 _aМосква
_cКалвис
_d2006
_eРыбинск
_gСтратим-ПКП
215 _a114 с.
_cил., табл.
_d21
225 1 _aПромышленный катализ в лекциях
_vВып. 4
225 1 _aКоллекция Издательства KVS
300 _aВ конце текста авт.: Сидельников В.Н. д.х.н., Носков А.С. д.т.н., проф., Ермакова А. д.т.н.
300 _aНа обл. только загл. серий
320 _aБиблиогр. в конце ст.
423 0 _12001#$aПромышленные каталитические реакторы и их особенности$fА. С. Носков
_1700#1$aНосков$bА. С.$gАлександр Степанович$4070
_1210##$aМосква$d2006
_1215##$aС. 31-66
_tПромышленные каталитические реакторы и их особенности
_aНосков, Александр Степанович
423 0 _12001#$aМакрокинетические модели сложных реакций$fА. Ермакова$g[к сб. в целом]: под общ. ред. д.т.н., проф. А. С. Носкова
_1700#1$aЕрмакова$bА.$gАнна$4070
_1210##$aМосква$d2006
_1215##$aС. 67-114
_tМакрокинетические модели сложных реакций
_aЕрмакова, Анна
606 1 _aХроматография газовая
_91258886
_3RU\NLR\auth\66199126
606 1 _aХимическая кинетика
_9962273
_3RU\NLR\auth\6640605
606 1 _aКаталитические реакторы
_92088608
_3RU\NLR\auth\661264390
610 0 _aХимическая технология. Химические производства -- Основные процессы и аппараты химической технологии -- Физические процессы -- Каталитические и контактные процессы -- Лекции для повышения квалификации специалистов
610 0 _aХимические науки -- Аналитическая химия -- Методы разделения и анализа веществ и их смесей -- Хроматографический анализ -- Газовая и газо-жидкостная хроматография -- Сборник
610 0 _aХимические науки -- Физическая химия. Химическая физика -- Катализ -- Гетерогенный катализ. Катализаторы -- Исследование катализаторов -- Сборник
686 _aЛ114.1я77-2
_2rubbk
686 _aГ471.8я44
_2rubbk
686 _aГ544.327я44
_2rubbk
686 _aЛ114.1-51
686 _aГ583.32
686 _aГ542
700 1 _aСидельников
_bВ. Н.
_gВладимир Николаевич
_4070
801 0 _aRU
_bРКП
_c20060614
_grcr
801 1 _aRU
_bРГБ
_c20060614
801 2 _aRU
_bNLR
_c20060901
_grcr
830 _a1-й и 2-й авт. по кн.
942 _cBOOK
980 _aNB